India and Vietnam in the Indo-Pacific (Record no. 519050)

000 -LEADER
fixed length control field 01459nam a22001577a 4500
008 - FIXED-LENGTH DATA ELEMENTS--GENERAL INFORMATION
fixed length control field 220124b ||||| |||| 00| 0 eng d
100 ## - MAIN ENTRY--PERSONAL NAME
Personal name Pulipaka, Sanjay and Gar, Libni
245 ## - TITLE STATEMENT
Title India and Vietnam in the Indo-Pacific
260 ## - PUBLICATION, DISTRIBUTION, ETC. (IMPRINT)
Place of publication, distribution, etc India Quarterly
300 ## - PHYSICAL DESCRIPTION
Extent 77(2), Jun, 2021: p.143-158
520 ## - SUMMARY, ETC.
Summary, etc The international order today is characterised by power shift and increasing multipolarity. Countries such as India and Vietnam are working to consolidate the evolving multipolarity in the Indo-Pacific. The article maps the convergences in the Indian and Vietnamese foreign policy strategies and in their approaches to the Indo-Pacific. Both countries confront similar security challenges, such as creeping territorial aggression. Further, India and Vietnam are collaborating with the United States and Japan to maintain a favourable balance of power in the Indo-Pacific. While Delhi and Hanoi agree on the need to reform the United Nations, there is still some distance to travel to find a common position on regional economic architectures. The India–Vietnam partnership demonstrates that nation-states will seek to define the structure of the international order and in this instance by increasing the intensity of multipolarity. – Reproduced
650 ## - SUBJECT ADDED ENTRY--TOPICAL TERM
Topical term or geographic name as entry element Act East policy, ASEAN, India, Indo-Pacific, Quad, Vietnam
9 (RLIN) 29243
773 ## - HOST ITEM ENTRY
Main entry heading India Quarterly
906 ## - LOCAL DATA ELEMENT F, LDF (RLIN)
Subject DIP INDIA - INTERNATIONAL RELATIONS - VIETNAM
942 ## - ADDED ENTRY ELEMENTS (KOHA)
Item type Articles
Holdings
Withdrawn status Lost status Source of classification or shelving scheme Damaged status Not for loan Permanent location Current location Date acquired Serial Enumeration / chronology Barcode Date last seen Koha item type
          Indian Institute of Public Administration Indian Institute of Public Administration 2022-01-24 77(2), Jun, 2021: p.143-158 AR126089 2022-01-24 Articles

Powered by Koha